| 000 | 00509 a2200205 4500 | ||
|---|---|---|---|
| 005 | 20260129110934.0 | ||
| 008 | 260128b |||||||| |||| 00| 0 eng d | ||
| 020 |
_a9781319524845 _c£ 69.99 |
||
| 040 | _aMAIN | ||
| 082 |
_a575.1 _bP611G(5) |
||
| 100 | _aPierce, Benjamin | ||
| 245 | _aGenetics essentials: Concepts and connections | ||
| 250 | _a5th | ||
| 260 |
_bMacmillan Learning _c2025 _aNew York |
||
| 300 | _axvii, 528 | ||
| 650 | _aGene | ||
| 650 | _aGenetics | ||
| 650 | _aDNA | ||
| 942 | _cBK | ||
| 999 |
_c393758 _d393758 |
||